| 000 | 00698nam a2200169 i 4500 | ||
|---|---|---|---|
| 001 | 161885 | ||
| 003 | ES-MaACL | ||
| 005 | 20230906212357.0 | ||
| 008 | 011203s1892 sp |||| | spa d | ||
| 040 |
_aEXT _bspa _cEXT |
||
| 100 | 1 |
_aPérez Jiménez, Nicolás. _990954 |
|
| 245 | 1 | 3 |
_aEl carbunco en el hombre y los animales / _cpor Nicolás Pérez Jiménez. |
| 260 |
_aBarcelona : _b[s.n.], _c1892 ( _fimprenta de Henrich y Comp.ª, en comandita sucesores de N. Ramírez y Compañía) |
||
| 300 |
_a20 p. ; _c23 cm. |
||
| 650 | 4 |
_aCarbunco. _9152636 |
|
| 852 |
_aES-MaACL _jT-1360-F-3 _z-- Enc. hol. conservando la cub. original _z-- Enc. en un vol. facticio _z.- Dedicatoria manuscrita del autor |
||
| 999 |
_c161885 _d161885 |
||